Recursos humanos champions: como pueden los recursos humanos cobrar valor y producir resultados (Registro nro. 11152)
[ vista simple ]
| 000 -Cabecera | |
|---|---|
| Campo de control de longitud fija | 00940nam a22003497a 4500 |
| 005 - Fecha y hora de la última transacción | |
| Campo de control | 20241120160039.0 |
| 008 - Elementos de longitud fija--Información general | |
| Campo de control de longitud fija | 180924b xxu||||| |||| 00| 0 spa d |
| 020 ## - International Standard Book Number | |
| Número Internacional Estándar del Libro (ISBN) | 9789506412449 |
| 041 ## - Idioma | |
| Código de idioma | |
| 082 ## - Clasificación Decimal Dewey | |
| Número de clasificación | 658.3 UL45r |
| 100 ## - Entrada principal--Autor personal | |
| Nombre personal | Ulrich, Dave |
| 9 (RLIN) | 49830 |
| 245 ## - Título propiamente dicho | |
| Título | Recursos humanos champions: como pueden los recursos humanos cobrar valor y producir resultados |
| 260 ## - Pie de imprenta | |
| Lugar de publicación, distribución, etc. | Argentina |
| 260 ## - Pie de imprenta | |
| Nombre del editor, distribuidor, etc. | Granica |
| 260 ## - Pie de imprenta | |
| Fecha de publicación, distribución, etc. | 2016 |
| 300 ## - Descripción física | |
| Extensión | 439 páginas |
| 650 ## - Materia general | |
| Temática (materia general) | RECURSOS HUMANOS |
| 650 ## - Materia general | |
| Temática (materia general) | ADMINISTRACIÓN DE EMPRESAS |
| 650 ## - Materia general | |
| Temática (materia general) | COMPETITIVIDAD |
| 650 ## - Materia general | |
| Temática (materia general) | ESTRATEGIA |
| 650 ## - Materia general | |
| Temática (materia general) | EFICIENCIA ADMINISTRATIVA |
| 650 ## - Materia general | |
| Temática (materia general) | TRABAJO EN EQUIPO |
| 650 ## - Materia general | |
| Temática (materia general) | CAMBIO |
| 650 ## - Materia general | |
| Temática (materia general) | INNOVACIÓN |
| 650 ## - Materia general | |
| Temática (materia general) | GLOBALIZACIÓN |
| 650 ## - Materia general | |
| Temática (materia general) | TECNOLOGÍA |
| 650 ## - Materia general | |
| Temática (materia general) | CAPITAL INTELECTUAL |
| 650 ## - Materia general | |
| Temática (materia general) | PROCESO DE EVALUACIÓN |
| 650 ## - Materia general | |
| Temática (materia general) | LIDERAZGO |
| 942 ## - Punto de acceso adicional KOHA | |
| Tipo de ítem KOHA | Libro |
| Fuente del sistema de clasificación o colocación | Dewey Decimal Classification |
| Signatura completa | Código de barras | Programa Académico | Tipo de ítem |
|---|---|---|---|
| 658.3 UL45r | 23569 | Libro | |
| 658.3 U77r | 23570 | Libro |